A metafora mint az eredeti nyelv alapeleme

Elmentve itt :
Bibliográfiai részletek
Szerző: Grassi Ernesto
További közreműködők: Pongrácz Tibor
Szegi Amondó Zoltán
Dokumentumtípus: Cikk
Megjelent: Pompeji Alapítvány Szeged 1996
Sorozat:Pompeji
Kulcsszavak:Filozófia
Tárgyszavak:
Online Access:http://acta.bibl.u-szeged.hu/9276
LEADER 00768nab a2200229 i 4500
001 acta9276
005 20250519111310.0
008 161015s1996 hu o 000 hun d
022 |a 0865-5553 
040 |a SZTE Egyetemi Kiadványok Repozitórium  |b hun 
041 |a hun 
100 1 |a Grassi Ernesto 
245 1 2 |a A metafora mint az eredeti nyelv alapeleme  |h [elektronikus dokumentum] /  |c  Grassi Ernesto 
260 |a Pompeji Alapítvány  |b Szeged  |c 1996 
300 |a 177-185 
490 0 |a Pompeji 
650 4 |a Bölcsészettudományok 
650 4 |a Filozófia, etika és vallástudományok 
695 |a Filozófia 
700 0 1 |a Pongrácz Tibor 
700 0 2 |a Szegi Amondó Zoltán 
856 4 0 |u http://acta.bibl.u-szeged.hu/9276/1/pompeji_1996_001_177-185.pdf  |z Dokumentum-elérés